| 000 | 00424cam a2200157ua 4500 | ||
|---|---|---|---|
| 041 |
_aeng _h |
||
| 082 |
_a028.75011 _bGUP/IN |
||
| 100 | _aGupta, I.C . | ||
| 245 |
_aInternational research on saline irrigation water / _cI.C.Gupta. _hTextual Documents |
||
| 260 |
_aNew Delhi : _bAgricole Publishing Academy , _c1981. |
||
| 300 | _a389 ; . | ||
| 504 | _a | ||
| 700 | 1 | _aPahwa, K.N . | |
| 942 | _cBK | ||
| 999 |
_c8868 _d8868 |
||